=LDR 00000nam 2200000 4500 =001 INLIS000000000003402 =005 20250318120516 =035 ##$$a 0010-0222000013 =245 1#$$a Turbo Pascal : $b Teori dan Aplikasi Program Komputer Bahasa Turbo Pascal Termasuk Database Toolbbox (Jilid 1) /$c Jogianto H M. =100 #$$a JOGIYANTO H M =250 ##$$a Edisi 1, Cet. 10 =300 ##$$a xx, 616 halaman : $b gambar;tabel ; $c 16x23 cm =856 ##$$a OPAC (Rak 1.3) =260 ##$$a Yogyakarta :$b Andi,$c 1999 =082 ##$$a 005.133 =084 ##$$a 005.133 JOG t =020 ##$$a 979-533-046-2 =650 #4$$a Bahasa Pemrograman Khusus =650 #4$$a Pembelian 2001 =500 ##$$a Pembelian 2001 =008 250318################g##########0#ind## =990 ##$$a 935/P-01 =990 ##$$a 938/P-01 =990 ##$$a 939/P-01 =990 ##$$a 936/P-01 =990 ##$$a 934/P-01